000 00497nam a2200181 i 4500
001 23995
003 ES-MaACL
005 20250928102039.0
007 t|
008 021213s1924 sp ||||1| spa d
100 1 _aAndre, Marius.
_921542
245 1 0 _aBolivar y la democracia /
_cMarius André.
260 _aBarcelona :
_bAraluce,
_c[1924]
300 _a284 p. ;
_c24 cm.
600 1 4 _aBolívar, Simón,
_d1783-1830
_929964
852 _aES-MaACL
_jD-5924
_bR.30222
999 _c23995
_d23995